| 000 | 00000nam##2200000za#4500 |
| 001 | 9.669845 |
| 003 | CaOODSP |
| 005 | 20241203113635 |
| 007 | ta |
| 008 | 150407|2008||||xxc||||| f|0| 0 eng|d |
| 020 | |a978-0-662-05521-1 |
| 040 | |aCaOODSP|beng |
| 041 | |aeng |
| 041 | |afre |
| 043 | |an-cn--- |
| 086 | 1 |aEn84-59/2008 |
| 110 | 1 |aCanada. |bEnvironment Canada. |
| 245 | 10|aCanada's Credit for Early Action Program |
| 246 | 1 |iAt head of title : |aTurning the corner |
| 260 | |bEnvironment Canada |cMarch 2008. |
| 300 | |aEnglish text, iii, 12p. : |bfig., table ; |c28 cm. |
| 520 | 3 |aIntended to seek feedback on the proposed Credit for Early Action Program, including eligibility rules and the process for allocating credits. |
| 563 | |aSoftcover |
| 590 | |a09-49|b2009-12-04 |
| 690 | 07|aEnvironmental programs|2gcpds |
| 776 | 0#|tProgramme canadien de crédit pour des mesures d'action précoce |w(CaOODSP)9.635092 |
| 776 | 0#|tCanada's Credit for Early Action Program |w(CaOODSP)9.690742 |
| 792 | |tProgramme canadien de crédit pour des mesures d'action précoce |efre|w(CaOODSP)9.669846 |